| 000 | 00000nam 2200000za 4500 |
| 001 | 9.603019 |
| 003 | CaOODSP |
| 005 | 20251008104346 |
| 007 | cr ||||||||||| |
| 008 | 150406|2011||||xxc|||||o f|0| 0 fre d |
| 040 | |aCaOODSP|bfre |
| 043 | |an-cn--- |
| 086 | 1 |aYM32-2/2011-89F-PDF |
| 245 | 00|aImmigration - l'Accord Canada-Québec / |h[ressource électronique]|c[par] Michel-Ange Pantal. |
| 250 | |a[Révisée le 5 juillet 2011]. |
| 260 | |aOttawa - Ontario : |bBibliothèque du Parlement. |cRévisée le 5 juillet 2011. |
| 300 | |a10p. |
| 490 | 1 |aÉtude générale|v2011-89-F |
| 590 | |a11-50|b2011-12-16 |
| 710 | 1 |aCanada. |bService d'information et de recherche parlementaires. |
| 720 | 1 |aPantal, Michel-Ange |
| 775 | 08|tImmigration - the Canada–Quebec accord / |w(CaOODSP)9.572690 |
| 794 | |tImmigration |b[Révisée le 24 juillet 2015]|w(CaOODSP)9.818152 |
| 830 | #0|aÉtude générale ;|v2011-89-F|w(CaOODSP)9.501181 |
| 856 | 40|qPDF|s465 Ko|uhttps://publications.gc.ca/collections/collection_2011/bdp-lop/bp/2011-89-fra.pdf |